=LDR 00000nam 2200000 4500 =001 INLIS000000000039909 =005 20130612145515 =008 ***********************************ind** =035 ##$$0010-061300000039909 =041 ##$$a ind =082 ##$$a 616.994 =090 ##$$a 616.994 , Hen,b =100 ##$$a HENDRANATA, Lianny =245 ##$$a Bebas dari kanker dengan terapi alternatif , Pengalaman melawan kanker dengan metode penyehatan aura , Lianny Hendranata =260 ##$$a 2004 $b Jakarta =300 ##$$a xvi,144 hlm. , Illus , 22 cm =650 ##$$a KANKER =850 ##$$a NBPNMAT